Waste treatment in the food processing industry
Saved in:
| Main Authors: | , , , |
|---|---|
| Format: | Bog |
| Sprog: | engelsk |
| Udgivet: |
Boca Ratón
CRC Taylor and Francis
2006
|
| Fag: | |
| Tags: |
Tilføj Tag
Ingen Tags, Vær først til at tagge denne postø!
|
MARC
| LEADER | 00000nam a2200000 a 4500 | ||
|---|---|---|---|
| 001 | UCI7771 | ||
| 003 | CL-VaPUC | ||
| 008 | 080725e20060000US |||||||||||||||||eng|d | ||
| 020 | |a 0849372364 | ||
| 082 | 0 | 4 | |a 664.0286 |b WAN |2 21 |
| 100 | 0 | |a Wang, Lawrence K |e author |9 531035 | |
| 700 | 0 | |a Hung, Yung-Tse |e author |9 531036 | |
| 700 | 0 | |a Lo, Howard H |e author |9 531037 | |
| 700 | 0 | |a Yapijakis, Constantine |e author |9 531038 | |
| 245 | 1 | 0 | |a Waste treatment in the food processing industry |
| 300 | |a 333 p | ||
| 942 | |c BK | ||
| 945 | |d 20080725 00:00:00 |a rbrito | ||
| 260 | |a Boca Ratón |b CRC Taylor and Francis |c 2006 | ||
| 650 | 7 | |a TRATAMIENTO DE DESECHOS |2 CL-VaPUC |9 339623 | |
| 650 | 0 | |a Tratamiento de residuos |9 262890 | |
| 650 | 0 | |a Industria alimentaria |9 331702 | |
| 650 | 7 | |a COMIDA INDUSTRIAL |2 CL-VaPUC |9 531039 | |
| 583 | |a last modification |c 20080725 00:00:00 |k Rodrigo Vera | ||
| 999 | |c 330918 |d 330916 | ||
| 952 | |0 0 |1 0 |4 0 |6 664_028600000000000_WAN_2006 |7 0 |8 A |9 416848 |a BIBALI |b BIBALI |c GEN |d 2019-11-22 |i 4460049 |l 1 |o 664.0286 WAN 2006 |p 4460049 |r 2025-01-20 |s 2023-06-13 |w 2019-11-22 |y BK |k ALI | ||